01314nam a2200277Ia 4500008004100000020002200041049000900063090001600072245013800088246003000226260003900256300002100295500021600316504004100532650004800573650005000621700001900671710010500690907003500795003000100830005001700831040000900848942002300857999001900880952013700899  a1779100329 (pbk.) aMAIN aHQ1800bBEY10aBeyond inequalities 2008 :bwomen in southern Africa /ccompiled by Barbara Lopi... [et.al.] ;foreword by Magdeline Mathiba-Madibela.30aWomen in southern Africa. aHarare, Zimbabwe :bSARDC,cc2008. a156 p. ;c26 cm. a"A profile of the situation of women in southern Africa, produced by the Women in Development Southern Africa Awareness (WIDSAA) programme of the Southern African Research and Documentation Centre (SARDC)"--T.p. aIncludes bibliographical references. 0aWomenzAfrica, SouthernxSocial conditions. 0aWomenzAfrica, SouthernxEconomic conditions.1 aLopi, Barbara.2 aSouthern African Research and Documentation Centre.bWomen in Development Southern Africa Awareness. a.b10271983b03-06-13c12-01-1020230123125004.0 cNUST cBOOKSkHQ1800mBEY c133757d133757 r2023-01-23 00:00:00l4oHQ1800 LOPp92004012310v80.00w2023-01-23yBOOKS102LCC40708NFIC00aMAINbMAINcGENd2023-01-23g80.00